Frontières du Québec ⚜️ - Statistiques

Statistiques générales
  • Ce quiz a été pris 449 fois
  • Le résultat moyen est 6 sur 7
Statistiques - réponses
Kilomètres Province ou état américain % Correct
- Ontario
94%
- Nouveau-Brunswick
86%
470 km Maine
84%
- Terre-Neuve-et-Labrador
82%
145 km Vermont
81%
105 km New York
79%
93 km New-Hampshire
67%
Aucun quiz correspondant
Distribution des résultats
% des personnes avec chaque résultat
Percentile par nombre de réponses
Votre historique - résultats
Vous n’avez pas pris ce quiz